000 00558nam a2200181 a 4500
001 000041776
005 20201002035740.0
008 131017s1983 xxua 001 0 spa d
020 _a0673158578
040 _aDO-SdBNP
_beng
_cBNPHU
082 _axxx
_bxxx
100 1 _aRuffin, Roy. J.
_d1938-
_968630
245 1 0 _aPrinciples of microeconomics. /
_cRoy J. Ruffin, Paul R. Gregory.
260 _aDallas Texas, :
_bScott, Foresman and company,
_c1983.
300 _a484 p. :
_bil. ;
_c26 cm.
500 _aIncludes glossary
700 1 _aGregory, Paul R.
_968631
999 _c41265
_d41265